[Event "Dieren op"]
[Site "Dieren"]
[Date "2013.07.30"]
[Round "7"]
[White "Admiraal, Miguoel"]
[Black "Merza, Morris"]
[Result "1/2-1/2"]
[WhiteElo "2320"]
[BlackElo "2120"]
[PlyCount "109"]
[EventDate "2013.07.23"]
[EventType "swiss"]
[EventRounds "9"]
[EventCountry "NED"]
[SourceTitle "EXT 2015"]
[Source "ChessBase"]
[SourceDate "2014.11.20"]
[SourceVersion "1"]
[SourceVersionDate "2014.11.20"]
[SourceQuality "1"]

1. Nf3 d5 2. c4 c6 3. e3 Nf6 4. Nc3 e6 5. Qc2 Be7 6. b3 Nbd7 7. Bb2 b6 8. Be2 Bb7 9. d3 Rc8 10. 0-0 0-0 11. Rfd1 e5 12. Rac1 Re8 13. Qb1 Bd6 14. Bf1 Qe7 15. g3 c5 16. cxd5 Nxd5 17. Bg2 Nxc3 18. Bxc3 Nf8 19. Nd2 Bxg2 20. Kxg2 Ng6 21. Nc4 f5 22. Kg1 Bb8 23. d4 Nh4 24. d5 Nf3+ 25. Kg2 e4 26. d6 Qd7 27. Qb2 Re6 28. Ne5 Nxe5 29. Bxe5 Rc6 30. Bxg7 Rcxd6 31. Rxd6 Rxd6 32. Bc3 Rd1 33. Rxd1 Qxd1 34. h4 Qf3+ 35. Kh2 Qg4 36. Be5 Bxe5 37. Qxe5 Qf3 38. Qb8+ Kf7 39. Qxa7+ Kg6 40. Qxb6+ Kh5 41. Qb5 Qxf2+ 42. Kh3 Qf3 43. Qe8+ Kh6 44. Qe6+ Kg7 45. Qe7+ Kg8 46. Qd8+ Kg7 47. Qc7+ Kg6 48. Qc6+ Kh5 49. Qe8+ Kh6 50. Qf8+ Kg6 51. Qg8+ Kf6 52. Qh8+ Kg6 53. Qg8+ Kf6 54. Qf8+ Kg6 55. Qe8+ 1/2-1/2

[Event "Dieren op"]
[Site "Dieren"]
[Date "2013.07.25"]
[Round "3"]
[White "Van Mierlo, Guido"]
[Black "Merza, Morris"]
[Result "1/2-1/2"]
[WhiteElo "2077"]
[BlackElo "2120"]
[PlyCount "50"]
[EventDate "2013.07.23"]
[EventType "swiss"]
[EventRounds "9"]
[EventCountry "NED"]
[SourceTitle "EXT 2015"]
[Source "ChessBase"]
[SourceDate "2014.11.20"]
[SourceVersion "1"]
[SourceVersionDate "2014.11.20"]
[SourceQuality "1"]

1. e4 e6 2. c4 c6 3. Nc3 d5 4. exd5 exd5 5. d4 Nf6 6. cxd5 Nxd5 7. Nxd5 Qxd5 8. Ne2 Nd7 9. Nc3 Qa5 10. Be2 Be7 11. 0-0 0-0 12. Bf3 Nf6 13. Be3 Be6 14. Rc1 Nd5 15. Nxd5 Bxd5 16. Bxd5 Qxd5 17. Qa4 Rfd8 18. Rfd1 h6 19. Qc4 Bf6 20. Qxd5 Rxd5 21. Rc5 Rad8 22. Rxd5 Rxd5 23. b4 Rb5 24. d5 Rxd5 25. Rxd5 cxd5 1/2-1/2

[Event "Dieren op"]
[Site "Dieren"]
[Date "2011.07.26"]
[Round "7"]
[White "Vosselman, Jan M"]
[Black "Merza, Morris"]
[Result "1/2-1/2"]
[WhiteElo "2112"]
[BlackElo "2145"]
[PlyCount "50"]
[EventDate "2011.07.19"]
[EventType "swiss"]
[EventRounds "9"]
[EventCountry "NED"]
[SourceTitle "CBM 143 Extra"]
[Source "ChessBase"]
[SourceDate "2011.08.29"]
[SourceVersion "1"]
[SourceVersionDate "2011.08.29"]
[SourceQuality "1"]

1. d4 d5 2. Nf3 Nf6 3. Bf4 c6 4. e3 Qb6 5. b3 Bg4 6. Be2 e6 7. 0-0 Nbd7 8. h3 Bh5 9. c4 dxc4 10. bxc4 Be7 11. Nc3 Bg6 12. Nh4 Ne4 13. Na4 Qa5 14. Nxg6 hxg6 15. f3 Nd2 16. Rf2 e5 17. Bg3 exd4 18. Bd3 dxe3 19. Re2 Qg5 20. Kh2 Rxh3+ 21. gxh3 Nxf3+ 22. Kg2 Nh4+ 23. Kh2 Nf3+ 24. Kg2 Nh4+ 25. Kh2 Nf3+ 1/2-1/2

[Event "Dieren op"]
[Site "Dieren"]
[Date "2011.07.25"]
[Round "6"]
[White "Merza, Morris"]
[Black "Maatman, Nick"]
[Result "0-1"]
[WhiteElo "2145"]
[BlackElo "1994"]
[PlyCount "80"]
[EventDate "2011.07.19"]
[EventType "swiss"]
[EventRounds "9"]
[EventCountry "NED"]
[SourceTitle "CBM 143 Extra"]
[Source "ChessBase"]
[SourceDate "2011.08.29"]
[SourceVersion "1"]
[SourceVersionDate "2011.08.29"]
[SourceQuality "1"]

1. e4 e6 2. Nf3 d5 3. e5 c5 4. b4 d4 5. c3 Nc6 6. b5 Na5 7. cxd4 cxd4 8. Qa4 Bc5 9. Bb2 d3 10. Nc3 f5 11. exf6 Nxf6 12. Ne4 Bb6 13. Nxf6+ gxf6 14. Qe4 e5 15. Bxd3 Be6 16. 0-0 Qd5 17. Qh4 0-0-0 18. Qxf6 Rhf8 19. Rac1+ Nc6 20. Qxe5 Rxf3 21. Be4 Rxf2 22. Rxf2 Bxf2+ 23. Kf1 Qc4+ 24. Rxc4 Bxc4+ 25. Kxf2 Nxe5 26. Bxe5 Rxd2+ 27. Kg3 Bxb5 28. a3 Bc6 29. Bf5+ Kd8 30. Bxh7 Rxg2+ 31. Kh4 Ke7 32. Kh5 Ke6 33. Bf4 Bf3+ 34. Kh6 b5 35. h4 a5 36. h5 b4 37. axb4 axb4 38. Bg5 Rh2 39. Bg6 b3 40. Bf4 Rh1 0-1

[Event "Dieren op"]
[Site "Dieren"]
[Date "2011.07.20"]
[Round "2"]
[White "Merza, Morris"]
[Black "Cox, Jan"]
[Result "1/2-1/2"]
[WhiteElo "2145"]
[BlackElo "1962"]
[PlyCount "73"]
[EventDate "2011.07.19"]
[EventType "swiss"]
[EventRounds "9"]
[EventCountry "NED"]
[SourceTitle "CBM 143 Extra"]
[Source "ChessBase"]
[SourceDate "2011.08.29"]
[SourceVersion "1"]
[SourceVersionDate "2011.08.29"]
[SourceQuality "1"]

1. e4 e5 2. Nf3 Nc6 3. Bc4 Nf6 4. d3 Bc5 5. c3 d6 6. Be3 Bb6 7. Nbd2 0-0 8. Bg5 Re8 9. Qe2 Be6 10. Bb5 h6 11. Bh4 Bd7 12. Ba4 Ne7 13. Bxd7 Nxd7 14. g4 Nf8 15. Bg3 Neg6 16. 0-0-0 Ne6 17. h4 Ngf4 18. Qf1 Qf6 19. g5 Qg6 20. gxh6 Qxh6 21. Ng5 c6 22. Kb1 Qh5 23. Nc4 Rad8 24. f3 Bc7 25. Ne3 f6 26. Nxe6 Nxe6 27. Nf5 Bb6 28. d4 g6 29. Ne3 exd4 30. Ng4 Kf7 31. cxd4 Bxd4 32. Qc4 Qc5 33. Qb3 Qb6 34. Qc2 Qc5 35. Qb3 Qb6 36. Qc2 Qc5 37. Qb3 1/2-1/2

[Event "Dieren op"]
[Site "Dieren"]
[Date "2010.08.02"]
[Round "6"]
[White "Akrawi, Samir"]
[Black "Merza, Morris"]
[Result "0-1"]
[WhiteElo "2247"]
[BlackElo "2063"]
[PlyCount "124"]
[EventDate "2010.07.27"]
[EventType "swiss"]
[EventRounds "9"]
[EventCountry "NED"]
[SourceTitle "CBM 137 Extra"]
[Source "ChessBase"]
[SourceDate "2010.09.01"]
[SourceVersion "1"]
[SourceVersionDate "2010.09.01"]
[SourceQuality "1"]

1. d4 d5 2. c4 c6 3. Nc3 Nf6 4. Nf3 dxc4 5. a4 Bf5 6. e3 e6 7. Bxc4 Bb4 8. 0-0 0-0 9. Qe2 Bg6 10. Ne5 Nbd7 11. Nxg6 hxg6 12. Rd1 Qa5 13. Bd2 e5 14. Be1 exd4 15. Rxd4 Rad8 16. Bb3 Nc5 17. Ba2 Rxd4 18. exd4 Na6 19. Qd3 Qf5 20. Qxf5 gxf5 21. f3 Rd8 22. Rd1 Nc7 23. Bh4 Be7 24. Re1 Kf8 25. Bf2 Nfd5 26. Rd1 Bf6 27. Kf1 g6 28. Bb3 Rd7 29. g3 Ke8 30. h4 f4 31. gxf4 Nxf4 32. Ne4 Be7 33. Re1 Kd8 34. Ng5 Bxg5 35. hxg5 Nd3 36. Rd1 Nxf2 37. Kxf2 Nd5 38. Rh1 Ke7 39. Rh8 Kd6 40. Rf8 a6 41. Kg3 Ke7 42. Rb8 Ne3 43. a5 Nf5+ 44. Kg4 Rxd4+ 45. Kh3 Nd6 46. Bc2 Rd2 47. Be4 Kd7 48. b3 Rb2 49. Bxg6 fxg6 50. Rg8 Rxb3 51. Kg4 Nf7 52. f4 Ke7 53. Rxg6 c5 54. Rg8 Nd6 55. Rg7+ Kf8 56. Rd7 Ne8 57. Rd8 Rb1 58. Rc8 Rc1 59. g6 Rg1+ 60. Kf5 c4 61. Ke4 Rxg6 62. Ke5 Rc6 0-1

[Event "Delft Prinsenstad op-B"]
[Site "Delft"]
[Date "2009.01.02"]
[Round "1"]
[White "Merza, Morris"]
[Black "Van Dongen, Leo"]
[Result "1-0"]
[WhiteElo "1989"]
[BlackElo "1755"]
[PlyCount "45"]
[EventDate "2009.01.02"]
[EventType "swiss"]
[EventRounds "6"]
[EventCountry "NED"]
[SourceTitle "EXT 2011"]
[Source "ChessBase"]
[SourceDate "2010.11.26"]
[SourceVersion "1"]
[SourceVersionDate "2010.11.26"]
[SourceQuality "1"]

1. e4 e5 2. Nc3 Nc6 3. f4 Bc5 4. Nf3 d6 5. Na4 Bb6 6. Nxb6 axb6 7. Bc4 Nf6 8. d3 exf4 9. Bxf4 Na5 10. Bb3 Nxb3 11. axb3 Rxa1 12. Qxa1 0-0 13. Qa7 Qe8 14. Kd2 Nxe4+ 15. dxe4 Qxe4 16. Qa4 Qg6 17. Bg3 c5 18. Qf4 d5 19. Re1 Qc6 20. Qd6 Be6 21. Qxc6 bxc6 22. Bc7 b5 23. Bd6 1-0